000 00660nam a22002417a 4500
001 21352
003 UA-OsUOA
005 20230918165521.0
007 ta
008 20031129b un ||||| |||| 00| 0 ukr d
040 _aUA-OsUOA
_brus
_cUA-OsUOA
_dUA-OsUOA
041 _arus
044 _aRU
080 _a336
090 _a336
_bВ24
245 _aВведение в банковское дело
_cТ. Амели и др. ; науч. ред. Ю. Б. Рубин
260 _aМосква
_c1997
300 _a512 с.
650 7 _2UDC
942 _cBK
_2udc
955 _a0
999 _c307547
_d307547